000 00542nam a22001817a 4500
005 20231115083758.0
008 231115b |||||||| |||| 00| 0 eng d
020 _a0409029378
041 _aEnglish
082 _a344.4 GLA
100 _aGlazewski, J
_lEnglish
245 _aEnvironmental Law in South Africa /
_cJ Glazewski
250 _aSecond Edition
260 _aDurban :
_bLexisNexis Butterworth,
_c2005
300 _bxvi, 740 pages ;
_c25 cm.
650 _aLegal practice
_bLaw
942 _cBK
_6ALISON_BN_VRIES
999 _c656
_d656